Szczegóły MARC21

Valuation : measuring and managing the value of companies /

003 -Nazwa inst., której nr kontr. jest w polu 001 [,]
    • @
    • Nazwa instytucji, której n kontrolny jest w polu 001
    • NUKAT
005 -DATA I CZAS OSTATNIEJ MODYFIKACJI [,]
    • @
    • pole kontrolne
    • 20241231100814.0
020 -Międzynarod. znormalizowany nr książki - ISBN [ , ]
    • a
    • Numer ISBN
    • 9781119610885 Find
    • q
    • Dopowiedzenie
    • Hardcover
020 -Międzynarod. znormalizowany nr książki - ISBN [ , ]
    • a
    • Numer ISBN
    • 9781119610878 Find
    • q
    • Dopowiedzenie
    • ePDF
020 -Międzynarod. znormalizowany nr książki - ISBN [ , ]
    • a
    • Numer ISBN
    • 9781119610922 Find
    • q
    • Dopowiedzenie
    • ePub
020 -Międzynarod. znormalizowany nr książki - ISBN [ , ]
    • a
    • Numer ISBN
    • 9781119611868 Find
    • q
    • Dopowiedzenie
    • University Edition
020 -Międzynarod. znormalizowany nr książki - ISBN [ , ]
    • a
    • Numer ISBN
    • 9781119612469 Find
    • q
    • Dopowiedzenie
    • Cloth edition with DCF Model Download
020 -Międzynarod. znormalizowany nr książki - ISBN [ , ]
    • a
    • Numer ISBN
    • 9781119611813 Find
    • q
    • Dopowiedzenie
    • Workbook
020 -Międzynarod. znormalizowany nr książki - ISBN [ , ]
    • a
    • Numer ISBN
    • 9781119610861 Find
    • q
    • Dopowiedzenie
    • DCF Model Download
040 -Instytucja sporządzająca opis [ , ]
    • a
    • Instytucja, która sporządziła opis (NP)
    • POZN 004/KM
    • b
    • Język katalogowania
    • pol
    • e
    • Zasady katalogowania
    • rda
    • c
    • Instytucja, która sporządziła rekord (NP)
    • POZN 004/KMs
    • d
    • Instytucja, która zmodyfikowała rekord (P)
    • POZN 004/MKA
    • d
    • Instytucja, która zmodyfikowała rekord (P)
    • POZN 004/LK
942 -Rodzaj dokumentu [ , ]
    • c
    • Rodzaj dokumentu
    • Książka
110 -Hasło główne - nazwa ciała zbiorowego [2, ]
    • a
    • Nazwa ciała zbiorowego lub nazwa geograficzna jako pierwszy element (NP)
    • McKinsey & Company. Find
    • e
    • Rodzaj współpracy
    • Autor
    • 9
    • KHW
    • 244003
245 -Strefa tytułu i oznaczenia odpowiedzialności [1,0]
    • a
    • Tytuł
    • Valuation : Find
    • b
    • Ciąg dalszy tytułu (NP)
    • measuring and managing the value of companies / Find
    • c
    • Pozostałe elementy strefy tytułu i oznaczenia odpowiedzialności (NP)
    • McKinsey & Company, Tim Koller, Marc Goedhart, David Wessels.
250 -Strefa wydania [ , ]
    • a
    • Oznaczenie wydania (NP)
    • Seventh edition.
260 -Strefa adresu wydawniczego [ , ]
    • a
    • Miejsce wydania (P)
    • Hoboken, New Jersey :
    • b
    • Nazwa wydawcy (P)
    • Wiley,
    • c
    • Data wydania (P)
    • copyright © 2020.
300 -Strefa opisu fizycznego [ , ]
    • a
    • Określenie formy książki i/lub objętość (NP)
    • XVIII, 878 stron :
    • b
    • Oznaczenie ilustracji (NP)
    • ilustracje ;
    • c
    • Format (NP)
    • 26 cm.
336 -Typ zawartości [ , ]
    • a
    • Termin opisujący typ zawartości
    • Tekst
    • b
    • Kod określający zawartość
    • txt
    • 2
    • Źródło (terminu i kodu)
    • rdacontent
337 -Typ mediów [ , ]
    • a
    • Tryb odtwarzania
    • Bez urządzenia pośredniczącego
    • b
    • Kod typu mediów
    • n
    • 2
    • Źródło (terminu i kodu)
    • rdamedia
338 -Typ/rodzaj nośnika [ , ]
    • a
    • Hasło opisujące typ nośnika
    • Wolumin
    • b
    • Kod typu nośnika
    • nc
    • 2
    • Źródło (terminu i kodu)
    • rdacarrier
490 -Strefa serii i książki wielotomowej - forma nie do wyszukiwania [1, ]
    • a
    • Tytuł (P)
    • Wiley Finance Find
830 -Hasło dodatkowe serii i opisu książki wielotomowej - tytuł ujednolicony/tytuł [ ,0]
    • a
    • Tytuł ujednolicony/tytuł (NP)
    • Wiley Finance Series
    • 9
    • KHW
    • 10949
500 -Uwaga ogólna [ , ]
    • a
    • Uwaga ogólna (NP)
    • Na obwolucie: The #1 bestselling guide to corporate valuation.
504 -Uwaga dot. bibliogr. załącznikowej [ , ]
    • a
    • Uwaga dot. bibliografii załącznikowej
    • Indeks.
650 -Hasło przedmiotowe [ ,7]
    • a
    • Hasło przedmiotowe
    • Przedsiębiorstwa
    • x
    • Określnik rzeczowy
    • ocena.
    • 2
    • Źródło terminu
    • kaba
    • 9
    • KHW
    • 126392
700 -Hasło dodatkowe - nazwa osobowa [1, ]
    • a
    • Nazwa osobowa (NP)
    • Koller, Tim. Find
    • e
    • Określenie rodzaju współpracy
    • Autor
    • 9
    • KHW
    • 633173
700 -Hasło dodatkowe - nazwa osobowa [1, ]
    • a
    • Nazwa osobowa (NP)
    • Goedhart, Marc H. Find
    • e
    • Określenie rodzaju współpracy
    • Autor
    • 9
    • KHW
    • 633174
700 -Hasło dodatkowe - nazwa osobowa [1, ]
    • a
    • Nazwa osobowa (NP)
    • Wessels, David. Find
    • e
    • Określenie rodzaju współpracy
    • Autor
    • 9
    • KHW
    • 633175
710 -Hasło dodatkowe - nazwa ciała zbiorowego [2, ]
    • a
    • Nazwa ciała zbiorowego lub nazwa geograficzna jako pierwszy element (NP)
    • John Wiley & Sons.
    • e
    • Rodzaj współpracy
    • Wydawca
    • 4
    • Kod relacji
    • pbl
    • 9
    • KHW
    • 50868
920 -ISBN [ , ]
    • a
    • ISBN
    • 978-1-119-61088-5 Find
    • q
    • Dopowiedzenie
    • Hardcover
920 -ISBN [ , ]
    • a
    • ISBN
    • 978-1-119-61087-8 Find
    • q
    • Dopowiedzenie
    • ePDF
920 -ISBN [ , ]
    • a
    • ISBN
    • 978-1-119-61092-2 Find
    • q
    • Dopowiedzenie
    • ePub
920 -ISBN [ , ]
    • a
    • ISBN
    • 978-1-119-61186-8 Find
    • q
    • Dopowiedzenie
    • University Edition
920 -ISBN [ , ]
    • a
    • ISBN
    • 978-1-119-61246-9 Find
    • q
    • Dopowiedzenie
    • Cloth edition with DCF Model Download
920 -ISBN [ , ]
    • a
    • ISBN
    • 978-1-119-61181-3 Find
    • q
    • Dopowiedzenie
    • Workbook
920 -ISBN [ , ]
    • a
    • ISBN
    • 978-1-119-61086-1 Find
    • q
    • Dopowiedzenie
    • DCF Model Download
Data inwentaryzacji Lokalizacja Obwoluta Numer inwentarzowy Status udost.
2022-05-12BE1E.80842-2